000 01257cam a22003131i 4500
003 SA-RiAUC
005 20251021070920.0
008 250929s1980 su g b 00000 ara c
040 _aSA-RiAUC
_bara
_cSA-RiAUC
_erda
043 _aa-su---
050 4 _b.A23 1980
082 0 4 _a306.09531
_qSA-RiAUC
090 _a306.09531
_bع ب ا
100 1 _aعباس، حامد
_eمؤلف.
245 1 0 _aقضية الثقافة في بلادنا :
_bبحوث في الثقافة .. وتسويق الكتاب /
_cتأليف حامد عباس ؛ تقديم هاشم عبده هاشم.
250 _aالطبعة الأولى.
264 1 _aمكة المكرمة :
_bمؤسسة هديل للإعلام،
_c1980
300 _a124 صفحة ؛
_c22 سم
336 _aنص
_btxt
_2rdacontent
_3كتاب
337 _aبدون وسيط
_bn
_2rdamedia
338 _aمجلد
_bnc
_2rdacarrier
504 _aببليوجرافية : صفحة 121.
650 7 _aالثقافة
_zالسعودية
_2aucsh
650 7 _aالثقافة العربية
_2aucsh
700 1 _aهاشم، هاشم عبده،
_d1359 هجري-
_eمقدم.
856 4 _uhttp://10.0.0.90/joubeil4/2000200002383.pdf
942 _2ddc
_cBOOK
_n0
949 _aSA-JeALM
_d250929
_umohamedma123
_n1
999 _c12658
_d12658